| 000 | 00371pab a2200157 454500 | ||
|---|---|---|---|
| 008 | 180718b2017 xxu||||| |||| 00| 0 eng d | ||
| 100 | _aRay, Sankar | ||
| 245 | _aCatalans' rationale for referendum | ||
| 260 | _c2017 | ||
| 300 | _ap.29-30. | ||
| 362 | _a14 Oct | ||
| 650 | _aReferendum - Catalan | ||
| 650 | _aReferendum | ||
| 773 | _aMainstream | ||
| 909 | _a116433 | ||
| 999 |
_c116427 _d116427 |
||